000 002440000a22000970004500
100 1 _aNeira, Armando
245 1 0 _aLos periodistas impulsan a los sicarios
300 _aVol. 80, Núm 80 (1994), Páginas 24-25
773 0 _tCambio 16
942 _cANA
999 _c58679
_d58679